<?xml version="1.0" encoding="UTF-8"?><?xml-stylesheet type="text/xsl" href="static/style.xsl"?><OAI-PMH xmlns="http://www.openarchives.org/OAI/2.0/" xmlns:xsi="http://www.w3.org/2001/XMLSchema-instance" xsi:schemaLocation="http://www.openarchives.org/OAI/2.0/ http://www.openarchives.org/OAI/2.0/OAI-PMH.xsd"><responseDate>2026-04-13T02:58:27Z</responseDate><request verb="GetRecord" identifier="oai:www.recercat.cat:20.500.12327/848" metadataPrefix="marc">https://recercat.cat/oai/request</request><GetRecord><record><header><identifier>oai:recercat.cat:20.500.12327/848</identifier><datestamp>2025-10-22T11:11:28Z</datestamp><setSpec>com_2072_4428</setSpec><setSpec>com_2072_4427</setSpec><setSpec>col_2072_487898</setSpec></header><metadata><record xmlns="http://www.loc.gov/MARC21/slim" xmlns:dcterms="http://purl.org/dc/terms/" xmlns:xsi="http://www.w3.org/2001/XMLSchema-instance" xmlns:doc="http://www.lyncode.com/xoai" xsi:schemaLocation="http://www.loc.gov/MARC21/slim http://www.loc.gov/standards/marcxml/schema/MARC21slim.xsd">
   <leader>00925njm 22002777a 4500</leader>
   <datafield ind2=" " ind1=" " tag="042">
      <subfield code="a">dc</subfield>
   </datafield>
   <datafield ind2=" " ind1=" " tag="720">
      <subfield code="a">Eduardo, I.</subfield>
      <subfield code="e">author</subfield>
   </datafield>
   <datafield ind2=" " ind1=" " tag="720">
      <subfield code="a">de Tomás, C.</subfield>
      <subfield code="e">author</subfield>
   </datafield>
   <datafield ind2=" " ind1=" " tag="720">
      <subfield code="a">Alexiou, K. G.</subfield>
      <subfield code="e">author</subfield>
   </datafield>
   <datafield ind2=" " ind1=" " tag="720">
      <subfield code="a">Giovannini, D.</subfield>
      <subfield code="e">author</subfield>
   </datafield>
   <datafield ind2=" " ind1=" " tag="720">
      <subfield code="a">Pietrella, M.</subfield>
      <subfield code="e">author</subfield>
   </datafield>
   <datafield ind2=" " ind1=" " tag="720">
      <subfield code="a">Carpenedo, S.</subfield>
      <subfield code="e">author</subfield>
   </datafield>
   <datafield ind2=" " ind1=" " tag="720">
      <subfield code="a">Bassols Raseira, M. C.</subfield>
      <subfield code="e">author</subfield>
   </datafield>
   <datafield ind2=" " ind1=" " tag="720">
      <subfield code="a">Batlle, I.</subfield>
      <subfield code="e">author</subfield>
   </datafield>
   <datafield ind2=" " ind1=" " tag="720">
      <subfield code="a">Cantín, M. C.</subfield>
      <subfield code="e">author</subfield>
   </datafield>
   <datafield ind2=" " ind1=" " tag="720">
      <subfield code="a">Aranzana, M. J.</subfield>
      <subfield code="e">author</subfield>
   </datafield>
   <datafield ind2=" " ind1=" " tag="720">
      <subfield code="a">Arús, P.</subfield>
      <subfield code="e">author</subfield>
   </datafield>
   <datafield ind2=" " ind1=" " tag="260">
      <subfield code="c">2020-06-10</subfield>
   </datafield>
   <datafield ind2=" " ind1=" " tag="520">
      <subfield code="a">In peach, pollen sterility, expressed as absence of pollen in the anthers, segregates as an undesired trait in breeding programs. Pollen fertility screening in progenies is not a common practice mainly because it does not affect fruit set since cross-pollination is frequent. It is also a time-consuming activity that coincides with the busy pollination season. Segregation for this trait could be avoided by using molecular markers to identify appropriate parents or male sterile plants for early culling in progenies expected to segregate, thus increasing breeding efficiency. In peach, pollen sterility is determined by a recessive allele in homozygosis of the major gene, Ps/ps, located on chromosome 6. In this work, using a conventional mapping approach combined with bulked segregant analysis using resequencing data, we fine mapped Ps to a region of almost 160 kb and developed molecular markers for marker-assisted breeding. These markers were validated in plant materials from three peach breeding programs, including progenies, advanced selections, and cultivars, allowing us to determine that the frequency of the ps allele is high (0.23) and also to infer the genotypes of a large collection of cultivars and advanced breeding lines.</subfield>
   </datafield>
   <datafield ind1="8" ind2=" " tag="024">
      <subfield code="a">Eduardo, I, C de Tomás, KG Alexiou, D Giovannini, M Pietrella, S Carpenedo, and MC Bassols Raseira et al. 2020. "Fine Mapping Of The Peach Pollen Sterility Gene (Ps/Ps) And Detection Of Markers For Marker-Assisted Selection". Molecular Breeding 40 (6). doi:10.1007/s11032-020-01139-3.</subfield>
   </datafield>
   <datafield ind1="8" ind2=" " tag="024">
      <subfield code="a">1380-3743</subfield>
   </datafield>
   <datafield ind1="8" ind2=" " tag="024">
      <subfield code="a">http://hdl.handle.net/20.500.12327/848</subfield>
   </datafield>
   <datafield ind1="8" ind2=" " tag="024">
      <subfield code="a">https://doi.org/10.1007/s11032-020-01139-3</subfield>
   </datafield>
   <datafield ind2="0" ind1="0" tag="245">
      <subfield code="a">Fine mapping of the peach pollen sterility gene (Ps/ps) and detection of markers for marker-assisted selection</subfield>
   </datafield>
</record></metadata></record></GetRecord></OAI-PMH>